[Event "CZE-chT2A 1415"]
[Site "Czech Republic"]
[Date "2014.11.02"]
[Round "1.3"]
[White "Folk, Petr"]
[Black "Grill, Roman"]
[Result "1-0"]
[WhiteElo "2154"]
[BlackElo "2149"]
[PlyCount "131"]
[EventDate "2014.11.02"]
[EventType "team-tourn"]
[EventRounds "11"]
[EventCountry "CZE"]
[SourceTitle "EXT 2022"]
[Source "ChessBase"]
[SourceDate "2021.10.06"]
[SourceVersion "1"]
[SourceVersionDate "2021.10.06"]
[SourceQuality "1"]
[WhiteTeam "Kozolupy"]
[BlackTeam "Pisek"]
[WhiteTeamCountry "CZE"]
[BlackTeamCountry "CZE"]

1. e4 g6 2. d4 c6 3. Nc3 d5 4. h3 Bg7 5. Nf3 Nf6 6. Bd3 dxe4 7. Nxe4 Nxe4 8. Bxe4 Bf5 9. Bxf5 Qa5+ 10. c3 Qxf5 11. 0-0 0-0 12. Re1 Re8 13. Qb3 Qb5 14. Qxb5 cxb5 15. Bf4 Na6 16. Be5 Rac8 17. a3 Nc7 18. a4 Bxe5 19. Rxe5 a6 20. axb5 f6 21. Re2 Nxb5 22. Nd2 Kf7 23. Rae1 Rc7 24. f4 Nd6 25. Nb3 b6 26. Nc1 Rc4 27. Nd3 a5 28. Ra1 Nb5 29. Ne1 Nc7 30. g3 Rd8 31. Nf3 Rc6 32. Kf2 Nd5 33. Nd2 Nc7 34. Rae1 Rd7 35. Kf3 Nb5 36. Ra1 h6 37. g4 Rdd6 38. Ne4 Rd7 39. Ng3 Rc4 40. Nf1 e6 41. f5 exf5 42. gxf5 Rcc7 43. fxg6+ Kxg6 44. Ne3 f5 45. Ng2 Kf6 46. Nf4 Rd8 47. Re6+ Kf7 48. Rxh6 Nd6 49. Nd3 Kg7 50. Re6 Nf7 51. Kf4 Rd5 52. Rg1+ Kf8 53. Ne5 Nxe5 54. Rxe5 Rxe5 55. dxe5 Rh7 56. Rg6 b5 57. Rb6 Rh4+ 58. Kxf5 b4 59. cxb4 axb4 60. Rb7 Rh5+ 61. Ke6 Rh4 62. Rb8+ Kg7 63. Ke7 Kg6 64. e6 Rd4 65. Rg8+ Kf5 66. Kf7 1-0

[Event "CZE-chT2A 1314"]
[Site "Czech Republic"]
[Date "2014.04.06"]
[Round "11.3"]
[White "Sedy, Pavel"]
[Black "Grill, Roman"]
[Result "0-1"]
[WhiteElo "2082"]
[BlackElo "2148"]
[PlyCount "55"]
[EventDate "2013.11.03"]
[EventType "team-tourn"]
[EventRounds "11"]
[EventCountry "CZE"]
[SourceTitle "EXT 2015"]
[Source "ChessBase"]
[SourceDate "2014.11.20"]
[SourceVersion "1"]
[SourceVersionDate "2014.11.20"]
[SourceQuality "1"]
[WhiteTeam "Vysehrad II"]
[BlackTeam "Pisek"]
[WhiteTeamCountry "CZE"]
[BlackTeamCountry "CZE"]

1. e4 e5 2. Nf3 Nc6 3. d4 exd4 4. Nxd4 Qf6 5. Be3 Bc5 6. c3 Nge7 7. Bc4 0-0 8. 0-0 Ne5 9. Be2 d5 10. f4 Nc4 11. Bxc4 dxc4 12. Qe2 b6 13. Qxc4 a5 14. b4 axb4 15. cxb4 Ra4 16. Qc3 Rxb4 17. e5 Qg6 18. Nf3 Nd5 19. Bxc5 Nxc3 20. Bxb4 Ne2+ 21. Kh1 c5 22. Bd2 Bb7 23. Nc3 Nd4 24. Rf2 Nxf3 25. gxf3 Rd8 26. Rg1 Qc2 27. Be1 Qf5 28. Rg4 0-1

[Event "CZE-chT2A 1314"]
[Site "Czech Republic"]
[Date "2014.03.23"]
[Round "10.7"]
[White "Grill, Roman"]
[Black "Hurdzan, Tomas"]
[Result "1/2-1/2"]
[WhiteElo "2148"]
[BlackElo "1870"]
[PlyCount "123"]
[EventDate "2013.11.03"]
[EventType "team-tourn"]
[EventRounds "11"]
[EventCountry "CZE"]
[SourceTitle "EXT 2015"]
[Source "ChessBase"]
[SourceDate "2014.11.20"]
[SourceVersion "1"]
[SourceVersionDate "2014.11.20"]
[SourceQuality "1"]
[WhiteTeam "Pisek"]
[BlackTeam "Klatovy"]
[WhiteTeamCountry "CZE"]
[BlackTeamCountry "CZE"]

1. c4 g6 2. g3 Bg7 3. Bg2 d6 4. Nc3 e5 5. d3 Ne7 6. Rb1 0-0 7. b4 c6 8. e4 f5 9. Nge2 f4 10. f3 g5 11. Qb3 Kh8 12. Ba3 Ng6 13. c5 dxc5 14. bxc5 g4 15. Rf1 fxg3 16. hxg3 gxf3 17. Rxf3 Rxf3 18. Bxf3 Na6 19. Bh5 Qe7 20. Bxg6 hxg6 21. Kd2 Bh6+ 22. Kc2 Rb8 23. Na4 Bg4 24. Rh1 Kg7 25. Rh2 Be3 26. Qc3 Bxe2 27. Rxe2 Bd4 28. Qd2 Rh8 29. Rh2 Rxh2 30. Qxh2 Nxc5 31. Nxc5 Bxc5 32. Bc1 Qf7 33. Qh6+ Kg8 34. Kb1 Qe6 35. Bb2 Be7 36. Qe3 c5 37. Qc1 b5 38. Qc3 Bd6 39. Qa5 Qd7 40. a3 Bb8 41. Kc2 Bd6 42. Bc3 Kf7 43. Bd2 Ke8 44. Be3 Qb7 45. Bg5 Bc7 46. Qc3 Qc6 47. Be3 Bd6 48. Kb2 a6 49. Qc2 Qc7 50. Qh2 Qg7 51. Qh3 Kd8 52. Qe6 Kc7 53. Bg5 Qh7 54. Kc3 b4+ 55. axb4 cxb4+ 56. Kb3 Qd7 57. Qc4+ Qc6 58. Bd8+ Kd7 59. Ba5 Qxc4+ 60. dxc4 Kc6 61. g4 Be7 62. Ka4 1/2-1/2

[Event "CZE-chT2A 1314"]
[Site "Czech Republic"]
[Date "2014.03.02"]
[Round "9.8"]
[White "Grill, Roman"]
[Black "Truksa, Vaclav"]
[Result "1-0"]
[WhiteElo "2148"]
[BlackElo "1867"]
[PlyCount "79"]
[EventDate "2013.11.03"]
[EventType "team-tourn"]
[EventRounds "11"]
[EventCountry "CZE"]
[SourceTitle "EXT 2015"]
[Source "ChessBase"]
[SourceDate "2014.11.20"]
[SourceVersion "1"]
[SourceVersionDate "2014.11.20"]
[SourceQuality "1"]
[WhiteTeam "Pisek"]
[BlackTeam "Tachov"]
[WhiteTeamCountry "CZE"]
[BlackTeamCountry "CZE"]

1. e4 c5 2. Nc3 Nc6 3. Bb5 a6 4. Bxc6 bxc6 5. d3 e6 6. Qe2 Ne7 7. Nf3 Ng6 8. 0-0 Be7 9. b3 0-0 10. Na4 d6 11. Be3 e5 12. Nd2 f5 13. exf5 Rxf5 14. Rae1 a5 15. g3 Qf8 16. Nb6 Rb8 17. Nxc8 Rxc8 18. Nc4 Ra8 19. Bd2 a4 20. Nb6 Ra7 21. Nxa4 Rf3 22. Nc3 d5 23. Kg2 Rf7 24. a4 Bd6 25. f3 Rae7 26. Nd1 Qe8 27. Nf2 h5 28. h4 Rf5 29. Nh3 Qf8 30. Ng5 Qb8 31. f4 exf4 32. Qxh5 f3+ 33. Rxf3 Rxf3 34. Qh7+ Kf8 35. Nxf3 Rxe1 36. Bxe1 Qe8 37. Bf2 Qf7 38. h5 Nf4+ 39. gxf4 Qxf4 40. Qg6 1-0

[Event "CZE-chT2A 1314"]
[Site "Czech Republic"]
[Date "2014.02.16"]
[Round "8.2"]
[White "Kana, Pavel"]
[Black "Grill, Roman"]
[Result "1/2-1/2"]
[WhiteElo "2030"]
[BlackElo "2148"]
[PlyCount "37"]
[EventDate "2013.11.03"]
[EventType "team-tourn"]
[EventRounds "11"]
[EventCountry "CZE"]
[SourceTitle "EXT 2015"]
[Source "ChessBase"]
[SourceDate "2014.11.20"]
[SourceVersion "1"]
[SourceVersionDate "2014.11.20"]
[SourceQuality "1"]
[WhiteTeam "Postovni sporitelna II"]
[BlackTeam "Pisek"]
[WhiteTeamCountry "CZE"]
[BlackTeamCountry "CZE"]

1. e4 g6 2. d4 c6 3. Nc3 d5 4. h3 Bg7 5. Nf3 Nf6 6. Bd3 dxe4 7. Nxe4 Nxe4 8. Bxe4 Nd7 9. 0-0 0-0 10. c3 e5 11. dxe5 Nxe5 12. Nxe5 Qxd1 13. Rxd1 Bxe5 14. Be3 Be6 15. f4 Bc7 16. Kf2 f5 17. Bf3 Rfd8 18. b3 Kf7 19. g3 1/2-1/2

[Event "CZE-chT2A 1314"]
[Site "Czech Republic"]
[Date "2014.01.05"]
[Round "5.8"]
[White "Grill, Roman"]
[Black "Klima, Miloslav"]
[Result "1-0"]
[WhiteElo "2148"]
[BlackElo "1963"]
[PlyCount "61"]
[EventDate "2013.11.03"]
[EventType "team-tourn"]
[EventRounds "11"]
[EventCountry "CZE"]
[SourceTitle "EXT 2015"]
[Source "ChessBase"]
[SourceDate "2014.11.20"]
[SourceVersion "1"]
[SourceVersionDate "2014.11.20"]
[SourceQuality "1"]
[WhiteTeam "Pisek"]
[BlackTeam "Plzen Letna"]
[WhiteTeamCountry "CZE"]
[BlackTeamCountry "CZE"]

1. c4 Nf6 2. g3 e5 3. Bg2 d6 4. Nc3 c6 5. Nf3 Be7 6. 0-0 h6 7. c5 e4 8. cxd6 Qxd6 9. Ne1 Bf5 10. Qb3 Qd7 11. d3 exd3 12. Nxd3 Bxd3 13. Rd1 Na6 14. Rxd3 Qc8 15. Re3 Nc5 16. Qc4 Qc7 17. b4 Ne6 18. b5 Rc8 19. bxc6 bxc6 20. Bh3 Ng5 21. Bxc8 Qxc8 22. Ba3 Ne6 23. Bxe7 Kxe7 24. Qc5+ Ke8 25. Nb5 Qd7 26. Nxa7 Nd5 27. Rxe6+ fxe6 28. Nxc6 Qb7 29. e4 Nf6 30. Rd1 Nxe4 31. Qh5+ 1-0

[Event "CZE-chT2A 1314"]
[Site "Czech Republic"]
[Date "2013.12.01"]
[Round "3.6"]
[White "Grill, Roman"]
[Black "Pospisil, Martin"]
[Result "1-0"]
[WhiteElo "2148"]
[BlackElo "2038"]
[PlyCount "81"]
[EventDate "2013.11.03"]
[EventType "team-tourn"]
[EventRounds "11"]
[EventCountry "CZE"]
[SourceTitle "EXT 2015"]
[Source "ChessBase"]
[SourceDate "2014.11.20"]
[SourceVersion "1"]
[SourceVersionDate "2014.11.20"]
[SourceQuality "1"]
[WhiteTeam "Pisek"]
[BlackTeam "Praha Vrsovice"]
[WhiteTeamCountry "CZE"]
[BlackTeamCountry "CZE"]

1. Nf3 d5 2. g3 Nf6 3. Bg2 e6 4. d3 Be7 5. Nbd2 c5 6. 0-0 Nc6 7. e4 0-0 8. Re1 b5 9. e5 Nd7 10. Nf1 Bb7 11. h4 Qc7 12. Bf4 Nb6 13. h5 Qd7 14. h6 g6 15. N1h2 Na4 16. Ng4 Qd8 17. Qd2 Nd4 18. Ng5 Nf5 19. Nh3 Nb6 20. Bg5 Nd7 21. c4 b4 22. cxd5 Bxd5 23. Bxd5 exd5 24. e6 fxe6 25. Rxe6 Bxg5 26. Qxg5 Qxg5 27. Nxg5 Rae8 28. Rae1 Rxe6 29. Rxe6 c4 30. dxc4 dxc4 31. Rc6 c3 32. bxc3 bxc3 33. Rxc3 Nf6 34. Nxf6+ Rxf6 35. Rc8+ Rf8 36. Rc7 Nxh6 37. Rxa7 Ng4 38. f3 Ne5 39. f4 Nd3 40. Nxh7 Rb8 41. Nf6+ 1-0

[Event "CZE-chT2A 1314"]
[Site "Czech Republic"]
[Date "2013.11.17"]
[Round "2.6"]
[White "Musil, Miroslav"]
[Black "Grill, Roman"]
[Result "1/2-1/2"]
[WhiteElo "1990"]
[BlackElo "2148"]
[PlyCount "111"]
[EventDate "2013.11.03"]
[EventType "team-tourn"]
[EventRounds "11"]
[EventCountry "CZE"]
[SourceTitle "EXT 2015"]
[Source "ChessBase"]
[SourceDate "2014.11.20"]
[SourceVersion "1"]
[SourceVersionDate "2014.11.20"]
[SourceQuality "1"]
[WhiteTeam "Karlovy Vary II"]
[BlackTeam "Pisek"]
[WhiteTeamCountry "CZE"]
[BlackTeamCountry "CZE"]

1. e4 e5 2. Nf3 Nc6 3. Bc4 Nf6 4. Nc3 Nxe4 5. Nxe4 d5 6. Bxd5 Qxd5 7. Qe2 Bg4 8. Nc3 Qe6 9. h3 Bxf3 10. Qxf3 0-0-0 11. 0-0 Nd4 12. Qd1 f5 13. Ne2 Bc5 14. Nxd4 Bxd4 15. Qe2 e4 16. d3 Qa6 17. Rd1 Rhe8 18. Qf1 exd3 19. Rxd3 Re4 20. Be3 Bxe3 21. Rxd8+ Kxd8 22. Qxa6 bxa6 23. fxe3 Rxe3 24. Rd1+ Ke7 25. Rd5 g6 26. Kf2 Re6 27. Rc5 Kd7 28. c3 Rb6 29. b4 Rc6 30. Rd5+ Rd6 31. Ra5 Rc6 32. Rd5+ Ke6 33. Ra5 g5 34. Ke2 Rxc3 35. Rxa6+ Ke5 36. Rxa7 Kf4 37. Ra5 Rc2+ 38. Kf1 h5 39. a4 g4 40. hxg4 hxg4 41. Rc5 Ra2 42. a5 g3 43. Rxc7 Rf2+ 44. Kg1 Rb2 45. Rc4+ Ke5 46. Kf1 Rf2+ 47. Kg1 f4 48. a6 Rb2 49. Kf1 Rf2+ 50. Kg1 Rb2 51. Rc1 Rxb4 52. Ra1 Rb8 53. a7 Ra8 54. Kf1 Kf5 55. Ke2 Kg4 56. Ra4 1/2-1/2

[Event "CZE-chT2C 1213"]
[Site "Czech Republic"]
[Date "2013.01.20"]
[Round "7.6"]
[White "Grill, Roman"]
[Black "Melich, Jindrich"]
[Result "0-1"]
[WhiteElo "2190"]
[BlackElo "2089"]
[PlyCount "82"]
[EventDate "2012.10.14"]
[EventType "team-tourn"]
[EventRounds "11"]
[EventCountry "CZE"]
[SourceTitle "EXT 2015"]
[Source "ChessBase"]
[SourceDate "2014.11.20"]
[SourceVersion "1"]
[SourceVersionDate "2014.11.20"]
[SourceQuality "1"]
[WhiteTeam "Pisek"]
[BlackTeam "Pankrac II"]
[WhiteTeamCountry "CZE"]
[BlackTeamCountry "CZE"]

1. c4 c5 2. g3 Nc6 3. Bg2 b6 4. Nc3 g6 5. Nf3 Bb7 6. 0-0 Bg7 7. e3 Nf6 8. d4 d6 9. d5 Ne5 10. Nxe5 dxe5 11. Qa4+ Qd7 12. Qxd7+ Kxd7 13. Bh3+ Kd8 14. Bd2 Ne8 15. Rad1 Nd6 16. b3 e4 17. Bg2 f5 18. Ne2 g5 19. g4 Bc8 20. Ng3 Rf8 21. gxf5 Bxf5 22. Nxf5 Rxf5 23. Rc1 a5 24. Rfd1 Kc7 25. Be1 Be5 26. Kf1 g4 27. h3 g3 28. Rc2 Raf8 29. Kg1 Rg8 30. fxg3 Bxg3 31. Kh1 h5 32. Re2 h4 33. Bxg3 Rxg3 34. Kh2 Kd7 35. a3 Ke8 36. Bh1 Kf7 37. Rg1 Rxg1 38. Kxg1 Kf6 39. Bg2 Ke5 40. Rf2 Rxf2 41. Kxf2 a4 0-1

[Event "CZE-chT2C 1213"]
[Site "Czech Republic"]
[Date "2013.01.06"]
[Round "6.6"]
[White "Mouryc, Tomas"]
[Black "Grill, Roman"]
[Result "1/2-1/2"]
[WhiteElo "1979"]
[BlackElo "2190"]
[PlyCount "41"]
[EventDate "2012.10.14"]
[EventType "team-tourn"]
[EventRounds "11"]
[EventCountry "CZE"]
[SourceTitle "EXT 2015"]
[Source "ChessBase"]
[SourceDate "2014.11.20"]
[SourceVersion "1"]
[SourceVersionDate "2014.11.20"]
[SourceQuality "1"]
[WhiteTeam "Jihlava Gambit"]
[BlackTeam "Pisek"]
[WhiteTeamCountry "CZE"]
[BlackTeamCountry "CZE"]

1. e4 g6 2. d4 Bg7 3. Nf3 c6 4. Be2 d5 5. e5 Bg4 6. Nbd2 f6 7. 0-0 Nh6 8. h3 Bxf3 9. Nxf3 0-0 10. Bf4 Nf7 11. exf6 exf6 12. c3 Nd7 13. Re1 Re8 14. Qc2 Nf8 15. Bd3 Qd7 16. a4 Ne6 17. Bg3 Nfg5 18. Nxg5 Nxg5 19. h4 Nf7 20. h5 f5 21. hxg6 1/2-1/2

[Event "CZE-chT2C 1213"]
[Site "Czech Republic"]
[Date "2012.12.02"]
[Round "4.6"]
[White "Stolba, Milos"]
[Black "Grill, Roman"]
[Result "1/2-1/2"]
[WhiteElo "2149"]
[BlackElo "2190"]
[PlyCount "107"]
[EventDate "2012.10.14"]
[EventType "team-tourn"]
[EventRounds "11"]
[EventCountry "CZE"]
[SourceTitle "EXT 2015"]
[Source "ChessBase"]
[SourceDate "2014.11.20"]
[SourceVersion "1"]
[SourceVersionDate "2014.11.20"]
[SourceQuality "1"]
[WhiteTeam "Kutna Hora"]
[BlackTeam "Pisek"]
[WhiteTeamCountry "CZE"]
[BlackTeamCountry "CZE"]

1. d4 g6 2. c4 Bg7 3. Nc3 Nf6 4. g3 d6 5. Bg2 0-0 6. Nf3 Nc6 7. 0-0 a6 8. e4 Bg4 9. h3 Bxf3 10. Bxf3 e5 11. d5 Nd4 12. Bg2 Nd7 13. Be3 f5 14. f4 Qe7 15. Qd2 fxe4 16. Nxe4 Nf5 17. fxe5 Qxe5 18. Bf2 Nf6 19. Rae1 Nxe4 20. Rxe4 Qf6 21. b3 Bh6 22. Qc2 Rae8 23. Rfe1 Rxe4 24. Rxe4 Qg5 25. g4 Nh4 26. Qe2 Qc1+ 27. Qe1 Qxe1+ 28. Rxe1 Nf3+ 29. Bxf3 Rxf3 30. Kg2 Rf7 31. Re8+ Rf8 32. Rxf8+ Kxf8 33. Kf3 Ke7 34. Ke4 Bg5 35. Be1 Bf6 36. Bd2 Be5 37. b4 Bb2 38. a4 Bf6 39. Kd3 c6 40. Ke4 Kd7 41. c5 Be7 42. Kd4 dxc5+ 43. bxc5 cxd5 44. Kxd5 Bf6 45. Be1 Bg7 46. h4 Bb2 47. Bg3 Bf6 48. h5 Be7 49. hxg6 hxg6 50. Be5 Bg5 51. Bd4 Bh6 52. Bf6 Be3 53. Bh4 Bg1 54. Be1 1/2-1/2

[Event "CZE-chT2A 1112"]
[Site "Czech Republic"]
[Date "2012.02.19"]
[Round "8"]
[White "Grill, Roman"]
[Black "Ruzicka, Ales"]
[Result "1/2-1/2"]
[WhiteElo "2134"]
[BlackElo "2053"]
[PlyCount "103"]
[EventDate "2011.10.09"]
[EventType "team-tourn"]
[EventRounds "11"]
[EventCountry "CZE"]
[SourceTitle "EXT 2013"]
[Source "ChessBase"]
[SourceDate "2012.11.22"]
[SourceVersion "1"]
[SourceVersionDate "2012.11.22"]
[SourceQuality "1"]
[WhiteTeam "Pisek"]
[BlackTeam "Tabor Sokol"]
[WhiteTeamCountry "CZE"]
[BlackTeamCountry "CZE"]

1. c4 Nf6 2. Nc3 g6 3. g3 Bg7 4. Bg2 0-0 5. e4 e5 6. Nge2 d6 7. d3 c5 8. 0-0 Nc6 9. Bg5 h6 10. Bxf6 Bxf6 11. a3 Bg7 12. Nd5 Be6 13. Rb1 Bxd5 14. exd5 Nd4 15. Nxd4 exd4 16. b4 b6 17. Re1 Qd7 18. Re4 Rfe8 19. Qc2 Rxe4 20. dxe4 Qc7 21. Qd3 Rc8 22. Bh3 Re8 23. Re1 a5 24. bxa5 bxa5 25. Bg4 Rb8 26. Bd1 Qb6 27. Bc2 Qc7 28. Ba4 Qb6 29. Bb5 a4 30. Kf1 Qa5 31. Rc1 Rb7 32. f3 Bf6 33. Ke2 Kg7 34. Qd2 Qxd2+ 35. Kxd2 Bg5+ 36. f4 Bd8 37. Kd3 Bc7 38. Rc2 f6 39. Rd2 Ra7 40. Bc6 Kf7 41. g4 Ke7 42. h4 Ra6 43. Rg2 Rb6 44. Bb5 Rb8 45. Rg3 Ba5 46. g5 Be1 47. gxf6+ Kxf6 48. Rh3 h5 49. Ke2 Bc3 50. Rg3 Bb2 51. Kd1 Rf8 52. Kc2 1/2-1/2

[Event "CZE-chT2A 1112"]
[Site "Czech Republic"]
[Date "2012.02.05"]
[Round "7"]
[White "Grill, Roman"]
[Black "Houska, Jiri"]
[Result "0-1"]
[WhiteElo "2134"]
[BlackElo "2212"]
[PlyCount "86"]
[EventDate "2011.10.09"]
[EventType "team-tourn"]
[EventRounds "11"]
[EventCountry "CZE"]
[SourceTitle "EXT 2013"]
[Source "ChessBase"]
[SourceDate "2012.11.22"]
[SourceVersion "1"]
[SourceVersionDate "2012.11.22"]
[SourceQuality "1"]
[WhiteTeam "Pisek"]
[BlackTeam "Plzen Letna"]
[WhiteTeamCountry "CZE"]
[BlackTeamCountry "CZE"]

1. Nf3 c5 2. g3 Nc6 3. Bg2 g6 4. 0-0 Bg7 5. c4 Nh6 6. Nc3 0-0 7. Rb1 d6 8. a3 a5 9. d3 Nf5 10. Bd2 Bd7 11. Nb5 Rb8 12. Bc3 Bxc3 13. bxc3 Ne5 14. e4 Nxf3+ 15. Bxf3 Ng7 16. Qe2 Bc6 17. Na7 e5 18. Rb2 Ba4 19. Qd2 Ne6 20. Rfb1 b6 21. Nb5 Kg7 22. Bg2 Rb7 23. f4 Nc7 24. Nxc7 Qxc7 25. f5 f6 26. h4 Rfb8 27. Rf1 b5 28. fxg6 hxg6 29. Qf2 Qe7 30. d4 cxd4 31. cxd4 bxc4 32. dxe5 Qxe5 33. Rd2 Rb2 34. Qa7+ R8b7 35. Qa6 c3 36. Rxb2 Rxb2 37. Qa7+ Kg8 38. Qa8+ Kg7 39. Qa7+ Kg8 40. Qa8+ Kf7 41. Qa7+ Kf8 42. Qh7 Be8 43. h5 Qc5+ 0-1

[Event "CZE-chT2A 1112"]
[Site "Czech Republic"]
[Date "2011.11.06"]
[Round "2"]
[White "Grill, Roman"]
[Black "Bostl, Frantisek"]
[Result "1/2-1/2"]
[WhiteElo "2134"]
[BlackElo "2199"]
[PlyCount "79"]
[EventDate "2011.10.09"]
[EventType "team-tourn"]
[EventRounds "11"]
[EventCountry "CZE"]
[SourceTitle "EXT 2013"]
[Source "ChessBase"]
[SourceDate "2012.11.22"]
[SourceVersion "1"]
[SourceVersionDate "2012.11.22"]
[SourceQuality "1"]
[WhiteTeam "Pisek"]
[BlackTeam "Ceske Budejovice"]
[WhiteTeamCountry "CZE"]
[BlackTeamCountry "CZE"]

1. e4 c5 2. Nc3 Nc6 3. Bb5 g6 4. Bxc6 dxc6 5. d3 Bg7 6. Nf3 c4 7. 0-0 cxd3 8. cxd3 e5 9. Bg5 Ne7 10. Qd2 Bg4 11. Bh6 Bxh6 12. Qxh6 Bxf3 13. gxf3 Ng8 14. Qe3 Qb6 15. Rac1 Rd8 16. Rfd1 f6 17. Na4 Qxe3 18. fxe3 Nh6 19. Kf2 Ke7 20. Ke2 Rd6 21. b4 b6 22. Rc3 Rhd8 23. Rdc1 Kd7 24. Nb2 Kc7 25. d4 exd4 26. exd4 Rxd4 27. Rxc6+ Kb7 28. Rc7+ Kb8 29. Rxh7 Rd2+ 30. Ke3 Rxb2 31. Rxh6 Rxa2 32. Rxg6 f5 33. h4 fxe4 34. fxe4 Ra3+ 35. Kf4 Rf8+ 36. Kg4 Re3 37. Rc4 Re1 38. Kh5 Rh8+ 39. Rh6 Re8 40. Rg6 1/2-1/2